| 000 | 00748nam a22001817a 4500 | ||
|---|---|---|---|
| 999 |
_c194061 _d194061 |
||
| 005 | 20230612112434.0 | ||
| 010 | _aB-750567 E.N.A./7.11.22 | ||
| 020 |
_a9789393435071 _c999.00 |
||
| 037 | _bRathore Pub.& Dist. | ||
| 082 | _a921 | ||
| 100 | _aSinha, Raiya | ||
| 245 |
_aSardar Hari Singh Nalwa/ _c Raiya Sinha |
||
| 260 |
_aGhaziabad _bRathore Pub.& Dist. _c2022 |
||
| 270 |
_aBasement-260, Shaktikand-III, Indirapuram, _bGhaziabad _e201010 |
||
| 300 |
_avii,240p. _c23cm(hbk) |
||
| 942 |
_2ddc _cEN _mSIN _h921 |
||